000 02029cam a22002174a 4500
005 20250605164123.0
008 250528s ||||||||||||||||||||||||d
035 _a18348
020 _a9601613668
040 _aGR-AtMCL
_bgre
_dGR-AtMCL
_eAACR2
245 1 _aΜηχανουργική Τεχνολογία / Διαμόρφωση με Αποβολή Υλικού - Χύτευση - Συγκόλληση και Πλαστική Παραμόρφωση
250 _a
260 _bΠατάκη,
_c2005
300 _a248
520 _aΒασικές Αρχές Μεταλλογνωσίας, Χύτευση, Συμβατικές Κατεργασίες Αποβολής Υλικού, Κοπή σε Πλάνη - Τόρνο - Δράπανο, Κοπή σε Φρέζα και Λειαντικά Μηχανήματα - Τραχύτητα Επιφάνειας, Εισαγωγή στις Συγκολλήσεις - Συγκόλληση με Επικαλυμμένο Ηλεκτρόδιο, Θερμικά και Μεταλλουργικά Φαινόμενα κατά τη Συγκόλληση, Εφαρμοζόμενες Μέθοδοι Διεξαγωγής και Ελέγχου Συγκολλήσεων, Εισαγωγή στις Διαμορφώσεις με Πλαστική Παραμόρφωση, Διαμόρφωση Ελάσματος, Διαμόρφωση Συμπαγούς Υλικού, Μη Συμβατικές Κατεργασίες, Εργαστηριακές Ασκήσεις Μηχανολογικού Εργαστηρίου, Ενδεικτικά Τέστ Αξιολόγησης Εργαστηριακών Ασκήσεων Μηχανολογικού Εργαστηρίου, Ενδεικτικά Τλεστ Αξιολόγησης Εργαστηριακών Ασκήσεων Μηχανουργικής Τεχνολογίας, Βιβλιογραφία.
700 1 _aΔημοσθένους Γ.Α
_94622
700 1 _aΜπαλντούκας Αντώνιος Κ
_94623
942 _cBK
999 _c3711
_d3711